000 00511nam a22001697a 4500
003 PILC
005 20150112093431.0
008 130220t xxu||||| |||| 00| 0 eng d
020 _a0951793659
050 _aTX 925
_b.B419 1999
082 _aHSF 641.2
_bB39 2002
110 _aWSET
_911312
245 _aBehind the label
_bintroducing wines and spirits and associated beverages /
260 _aLondon
_bWines and Spirit Education Trust
_c2002
300 _a163 pages :
_c20 cm.
_billustration ;
942 _2lcc
_cBK
999 _c14397
_d14397